Pays les plus proches de Cap-Vert - Mort subite - Statistiques

Statistiques générales
  • Ce quiz a été pris 54 fois
  • Le résultat moyen est 5 sur 15
Answers on the Grid
Answers color-coded by a green-red scale on the quiz's grid according to % correct below.
Sénégal
Mauritanie
Gambie
Maroc
Guinée Bissau
Guinée
Mali
Sierra Leone
Espagne
Libéria
Côte d'Ivoire
Portugal
Algérie
Burkina Faso
Ghana
Tunisie
Libye
Égypte
Tchad
Niger
Togo
Bénin
Nigéria
Cameroun
Guinée Equatoriale
Gabon
São Tomé et Príncipe
République du Congo
Andorre
France
 
Statistiques - réponses
Réponse % Correct
Sénégal
51%
Maroc
43%
Mali
40%
Burkina Faso
37%
Gambie
37%
Sierra Leone
37%
Guinée Bissau
34%
Libéria
34%
Guinée
31%
Algérie
29%
Espagne
29%
Mauritanie
29%
Portugal
29%
Côte d'Ivoire
26%
Ghana
23%
Aucun quiz correspondant
Distribution des résultats
% des personnes avec chaque résultat
Percentile par nombre de réponses
Votre historique - résultats
Vous n’avez pas pris ce quiz